| 000 | 00340nam a2200145 a 4500 | ||
|---|---|---|---|
| 001 | 2497 | ||
| 003 | CDMR | ||
| 005 | 20130116135232.0 | ||
| 008 | 130130s1967||||||||||||||||||||||||||||d | ||
| 040 |
_aCDMR _bcat _cCDMR |
||
| 100 | 1 |
_aMoreau, Jean-Guy _91871 |
|
| 245 | 1 | 3 | _aLe règne de la télévision |
| 260 |
_aParis _c1967 _bSeuil |
||
| 942 | _cMON | ||
| 999 |
_c2497 _d2497 |
||